| 000 | 01272nam a2200325 a 4500 | ||
|---|---|---|---|
| 001 | 000024566 | ||
| 005 | 20210408121938.0 | ||
| 008 | 110131s1991 sp ab r 000 | spa d | ||
| 020 | _a9682934907 | ||
| 040 |
_aDO-SdBNP _bspa _cBNPHU |
||
| 082 |
_a622.2 _bC962d |
||
| 100 | 1 |
_aCubillo Moreno, Gilda _950368 |
|
| 240 | 1 | 0 |
_aEssence of security. _lEspañol |
| 245 | 1 | 4 |
_aLos dominios de la plata : _bel precio del auge, el peso del poder, empresarios y trabajadores en las minas de Pachuca y Zimapán, 1552-1620 / _cGilda Cubillo Moreno; edición Antonio Guzmán, Lourdes Martínez O. |
| 260 |
_aMéxico, D.F. : _bInstituto Nacional de Antropología e Historia, _c1991. |
||
| 300 |
_a355 p. : _bil., maps ; _c20 cm. |
||
| 490 | 1 | _aHistoria | |
| 490 | 1 | _aDivulgación | |
| 500 | _aIncluye notas al pie de páginas | ||
| 500 | _aIncluye glosario de términos | ||
| 504 | _aIncluye referencias bibliográficas : p. 337-355 | ||
| 650 | 4 |
_aIngeniería de minas _950369 |
|
| 650 | 4 |
_aExcavaciones subterraneas _950370 |
|
| 650 | 4 |
_aMinas _xExplotación _950371 |
|
| 700 | 1 |
_aGuzmán Fernández, Silvestre Antonio, _d1911-1982 _eed. _917126 |
|
| 700 | 1 |
_aMartínez O., Lourdes _eed. _950372 |
|
| 830 | 0 |
_aHistoria _92122 |
|
| 830 | 0 |
_aDivulgación _948040 |
|
| 049 | _aBNGR | ||
| 999 |
_c24059 _d24059 |
||